کللیت شاد عارفی / (Record no. 108556)

MARC details
000 -LEADER
fixed length control field 00844nam a22002537a 4500
005 - DATE AND TIME OF LATEST TRANSACTION
control field 20170123162341.0
010 ## - LIBRARY OF CONGRESS CONTROL NUMBER
LC control number 776653
020 ## - INTERNATIONAL STANDARD BOOK NUMBER
Terms of availability 6.00
035 ## - SYSTEM CONTROL NUMBER
System control number 776653
037 ## - SOURCE OF ACQUISITION
Source of stock number/acquisition Cen Lib/Ret
040 ## - CATALOGING SOURCE
Original cataloging agency DPL
Language of cataloging UR
082 ## - DEWEY DECIMAL CLASSIFICATION NUMBER
Classification number 841
Item number ا ح م
245 ## - TITLE STATEMENT
Title کللیت شاد عارفی /
Statement of responsibility, etc مرتب مزففر حنفی
246 ## - VARYING FORM OF TITLE
Title proper/short title Kulliyat-e- Shaad Arfi /
Remainder of title edited by Muzaffar Hanfi
260 ## - PUBLICATION, DISTRIBUTION, ETC. (IMPRINT)
Place of publication, distribution, etc دہلی
Name of publisher, distributor, etc نیشنل اکاڈمی
Date of publication, distribution, etc 1975
270 ## - ADDRESS
Address ٩، انصاری روڈ مارکیٹ دریاگنج
City دہلی
Postal code 110006
300 ## - PHYSICAL DESCRIPTION
Extent 464p.
Dimensions 21cm(Hb)
650 ## - SUBJECT ADDED ENTRY--TOPICAL TERM
Topical term or geographic name as entry element ادب -- اردو
9 (RLIN) 127581
650 ## - SUBJECT ADDED ENTRY--TOPICAL TERM
Topical term or geographic name as entry element اردو سوانے عمری
9 (RLIN) 127582
650 ## - SUBJECT ADDED ENTRY--TOPICAL TERM
Topical term or geographic name as entry element Urdu literature
9 (RLIN) 127583
650 ## - SUBJECT ADDED ENTRY--TOPICAL TERM
Topical term or geographic name as entry element Urdu -- biography
9 (RLIN) 511
700 ## - ADDED ENTRY--PERSONAL NAME
Personal name مزففر حنفی
9 (RLIN) 127584
942 ## - ADDED ENTRY ELEMENTS (KOHA)
Source of classification or shelving scheme Dewey Decimal Classification
Koha item type Urdu Bks
Classification part 841
Call number suffix ا ح م
Holdings
Withdrawn status Lost status Damaged status Not for loan Home library Current library Date acquired Source of acquisition Cost, normal purchase price Total Checkouts Full call number Barcode Date last seen Copy number Cost, replacement price Price effective from Koha item type
        Central Library Central Library 23/01/2016 Cen Lib/Ret 6.00   841 ا ح م 776653 23/01/2016 1 6.00 23/01/2016 Urdu Bks

© Delhi Public Library
Hit Counter
free hit counter